000 00784pam a2200289 a 4500
001 1123523
003 OSt
005 20160511123438.0
008 940301s1994 nyu 000 1 eng
010 _a 94008795
020 _a0670852635 :
040 _aSEKU
043 _an-us-oh
050 0 0 _aPS 3568
_b.R3
082 0 0 _a813/.54
_220
100 1 _aRaymond, Linda.
245 1 0 _aRocking the babies /
_cLinda Raymond.
260 _aNew York :
_bViking,
_c1994.
300 _a260 p. ;
_c22 cm.
650 0 _aVolunteer workers in hospitals
_vFiction.
650 0 _aAfrican American women
_vFiction.
650 0 _aPremature infants
_vFiction.
650 0 _aMiddle-aged women
_vFiction.
651 0 _aOhio
_vFiction.
655 7 _aDomestic fiction.
_2lcsh
942 _2lcc
_cGEN
999 _c13756
_d13756